| 000 | 00856cam a22001934a 4500 | ||
|---|---|---|---|
| 005 | 20250605163559.0 | ||
| 008 | 250528s ||||||||||||||||||||||||d | ||
| 035 | _a22127 | ||
| 040 |
_aGR-AtMCL _bgre _dGR-AtMCL _eAACR2 |
||
| 245 | 1 | _aΚΑΘΥΣΤΕΡΗΣΗ ΣΤΗΝ ΕΞΕΛΙΞΗ ΤΟΥ ΛΟΓΟΥ, ΤΗΣ ΟΜΙΛΙΑΣ ΚΑΙ ΔΙΑΤΑΡΑΧΕΣ ΤΗΣ ΑΡΘΡΩΣΗΣ | |
| 250 | _a1 | ||
| 260 |
_bΑυτοεκδοση _bΣυλλογικο, _c1985 |
||
| 300 | _a252 | ||
| 505 | 0 | _aΠΡΑΚΤΙΚΑ 2 ΣΥΝΕΔΡΙΟΥ ΤΟΥ ΠΑΝΕΛΛΗΝΙΟΥ ΣΥΛΛΟΓΟΥ ΕΙΔΙΚΩΝ ΣΤΙΣ ΔΙΑΤΑΡΑΧΕΣ ΤΟΥ ΛΟΓΟΥ | |
| 520 | _aΠΡΑΚΤΙΚΑ 2 ΣΥΝΕΔΡΙΟΥ ΤΟΥ ΠΑΝΕΛΛΗΝΙΟΥ ΣΥΛΛΟΓΟΥ ΕΙΔΙΚΩΝ ΣΤΙΣ ΔΙΑΤΑΡΑΧΕΣ ΤΟΥ ΛΟΓΟΥ | ||
| 942 | _cBK | ||
| 999 |
_c7183 _d7183 |
||